| 000 | 00426nam a22001817a 4500 | ||
|---|---|---|---|
| 003 | NUST - PNEC | ||
| 005 | 20170116180918.0 | ||
| 008 | 150904b xxu||||| |||| 00| 0 eng d | ||
| 020 | _a- | ||
| 040 | _cLIBRARY | ||
| 082 | _a620.112 TIM | ||
| 100 |
_97559 _aTimoshenko, S. |
||
| 245 |
_aStrength of materials _cS. Timoshenko |
||
| 250 | _a3rd ed. | ||
| 260 | _cc.1986 | ||
| 650 |
_97563 _aMaterials _xME |
||
| 942 |
_2ddc _cBK |
||
| 999 |
_c65520 _d65520 |
||